横浜駅から半径10km圏外の横浜市内の駅 - Statistics

General Stats
  • This quiz has been taken 118 times
  • The average score is 28 of 44
Answer Stats
駅名 % Correct
金沢八景
88%
青葉区 青葉台
86%
金沢文庫
86%
戸塚区 戸塚
85%
あざみ野
84%
たまプラーザ
82%
長津田
79%
瀬谷
78%
港南区 港南台
75%
栄区 本郷台
74%
青葉区 田奈
72%
都筑区 センター北
72%
市が尾
71%
青葉区 藤が丘
70%
江田
68%
港北区 日吉
68%
緑区 十日市場
68%
いずみ野
67%
いずみ中央
67%
瀬谷区 三ツ境
66%
恩田
63%
こどもの国
63%
踊場
63%
下飯田
63%
八景島
63%
ゆめが丘
62%
立場
62%
能見台
62%
六浦
61%
中田
60%
泉区 弥生台
58%
海の公園柴口
55%
海の公園南口
55%
中川
55%
並木中央
53%
京急富岡
53%
並木北
49%
市大医学部
48%
野島公園
48%
産業振興センター
47%
幸浦
46%
福浦
46%
北山田
46%
金沢区 鳥浜
45%
No matching quizzes found
Score Distribution
Percent of People with Each Score
Percentile by Number Answered
Your Score History
You have not taken this quiz